000 00453nam a22001697a 4500
003 OSt
005 20140310182048.0
008 130817t xxu||||| |||| 00| 0 eng d
050 _aBT 96.2
_b.G589 1995
082 _aHS 248
_b.G549 1995
245 _aGod's hand in our lives
260 _aCubao Q.C :
_bShepherd's Voice,
_cc1995.
300 9 _a225 p.,
_c22 cm.
541 _j1
650 _aReligions experiences
_911177
942 _2lcc
_cHS
999 _c8911
_d8911